00689nam a2200181 a 450000500170000000800410001702000180005805000240007624500930010026000390019330000230023244000190025550000480027465000230032265000210034599900190036695201220038520140412111231.0001111s19uu xx 00 eng d a0-395-51937-3 aTR(PS EbCu-Go 1989 aCurious George goes to an ice cream shop /cEdited by Margaret Rey and Alan J. Shalleck. aBoston :bHoughton Mifflin,c1989. a32 p. ; col.; ill. aCurious George aAdapted from the Curious George film series aIce cream--Fiction aMonkeys--Fiction c102187d102187 001040aELbELcTRd2000-11-11eLib. Fundg132.00l0oTR(PS E Cu-Go 1989pE0697r2014-04-12 00:00:00w2014-04-12yBK